[Event "Copa Internacional SP"]
[Site "São Paulo"]
[Date "2007.11.30"]
[Round "2"]
[White "Calixto, Roberto Carlos"]
[Black "Brandao, Evandro"]
[Result "0-1"]
[WhiteElo "1853"]
[BlackElo "2053"]
[PlyCount "150"]
[EventDate "2007.11.29"]
[SourceDate "2007.11.30"]

1. e4 c5 2. Nf3 d6 3. d4 cxd4 4. Nxd4 Nf6 5. Nc3 g6 6. Bg5 Bg7 7. f3 O-O 8. Bc4
Nc6 9. Qd2 Bd7 10. O-O-O Rb8 11. a4 a6 12. h4 b5 13. axb5 axb5 14. Bb3 Ne5 15.
h5 Nc4 16. Bxc4 bxc4 17. Bh6 Qa5 18. Qe3 Qa1+ 19. Kd2 Qxb2 20. Bxg7 Kxg7 21.
hxg6 fxg6 22. Qh6+ Kg8 23. g4 Bxg4 24. Rb1 Nxe4+ 25. fxe4 Rf2+ 26. Nde2 Qxb1
27. Qxh7+ Kf8 28. Qh8+ Kf7 29. Rh7+ Ke6 30. Rxe7+ Kxe7 31. Qh4+ Ke8 32. Nxb1
Rxe2+ 33. Kc3 Bh5 34. Nd2 Re3+ 35. Kxc4 Rc8+ 36. Kd4 Rec3 37. Qf6 Rxc2 38. Qe6+
Kf8 39. Qxd6+ Kg7 40. Ke5 R2c6 41. Qd7+ Kh6 42. Kf4 R8c7 43. Qd5 Rf6+ 44. Ke3
Rfc6 45. e5 Rc2 46. e6 R7c3+ 47. Kf4 Rc5 48. Qd8 g5+ 49. Ke4 Bg6+ 50. Kf3 R5c3+
51. Kg4 Bh5+ 52. Kf5 Rc5+ 53. Kf6 Rc8 54. Qe7 R2c7 55. Qd6 Rc6 56. Qd5 Rc5 57.
Qd4 Rf8+ 58. Ke7 Rcc8 59. Qe3 Rce8+ 60. Kd7 Bg4 61. Nc4 Bxe6+ 62. Kd6 Bxc4 63.
Qh3+ Kg6 64. Qc3 Rf6+ 65. Kc5 Be6 66. Kb4 Rb8+ 67. Ka4 Rf4+ 68. Ka5 Rf5+ 69.
Ka4 Ra8+ 70. Kb4 Rf4+ 71. Kb5 Bd7+ 72. Kb6 Rf6+ 73. Kb7 Bc6+ 74. Kc7 Be4 75.
Qc5 Rc6+ 0-1

[Event "Copa Internacional SP"]
[Site "São Paulo"]
[Date "2007.11.30"]
[Round "2"]
[White "Awoki, Daniel Teidi"]
[Black "Carvalho Jr, Celestino"]
[Result "0-1"]
[WhiteElo "1835"]
[BlackElo "2026"]
[PlyCount "120"]
[EventDate "2007.11.29"]
[SourceDate "2007.11.30"]

1. e4 e5 2. Nf3 Nc6 3. Bc4 Bc5 4. d3 h6 5. Nc3 Nf6 6. O-O d6 7. h3 O-O 8. Kh1
Na5 9. Bb3 c6 10. Ne1 d5 11. exd5 Nxb3 12. axb3 cxd5 13. f4 e4 14. d4 Bb6 15.
Be3 Bc7 16. f5 Kh7 17. g4 Bd7 18. Ng2 Bc6 19. Ne2 Bb5 20. Qd2 Bxe2 21. Qxe2 a6
22. Rg1 Rh8 23. Nf4 Kg8 24. Qg2 Nh7 25. Nh5 Ng5 26. Bxg5 hxg5 27. Rac1 f6 28.
Qe2 b5 29. Kg2 Qd6 30. Kh1 Bb6 31. c3 Kf7 32. Qh2 Qd7 33. b4 a5 34. bxa5 Bc7
35. Qg2 Rxa5 36. Ra1 Rha8 37. Rab1 Ra2 38. Rge1 Qc6 39. Ng3 Qc4 40. Nxe4 dxe4
41. Qxe4 Bd6 42. b3 Qc7 43. Qd5+ Kf8 44. Rbc1 Rh2+ 45. Kg1 Raa2 46. Qe4 Rhg2+
47. Kh1 Be7 48. Qxg2 Rxg2 49. Kxg2 Qc6+ 50. Kf2 Qd6 51. Kg2 Qd5+ 52. Kf2 Qxb3
53. Re2 Ba3 54. Rce1 Qxc3 55. Re3 Qxd4 56. Kg2 Qd5+ 57. Kf1 Bd6 58. Re8+ Kf7
59. Rd8 Qf3+ 60. Kg1 Bc5+ 0-1

[Event "Copa Internacional SP"]
[Site "São Paulo"]
[Date "2007.11.30"]
[Round "2"]
[White "Santana, Expedito"]
[Black "Reis, Alan"]
[Result "0-1"]
[WhiteElo "1810"]
[BlackElo "2011"]
[PlyCount "72"]
[EventDate "2007.11.29"]
[SourceDate "2007.11.30"]

1. Nf3 d5 2. d4 c5 3. e3 Nc6 4. Be2 cxd4 5. exd4 Nf6 6. O-O Bg4 7. c3 e6 8. Ne5
Bxe2 9. Qxe2 Be7 10. Nd2 O-O 11. h3 Nxe5 12. dxe5 Nd7 13. Nf3 Qc7 14. Rd1 Rfd8
15. Bf4 Rac8 16. Re1 Qa5 17. Bg5 Bxg5 18. Nxg5 h6 19. Nf3 {=} 19... b5 20. Nd4
b4 21. cxb4 Qxb4 22. Nb3 Rc4 23. Nd2 Rc2 24. Red1 Qxb2 25. Qe3 Qxe5 26. Qxa7
Rxd2 27. Qa5 Rxd1+ 28. Rxd1 Rc8 29. a4 Qc3 30. Qb5 Ne5 31. a5 Qc5 32. Qb7 Nc4
33. Rc1 Qc7 34. Qb4 Rb8 35. Qa4 Qxa5 36. Qxa5 Nxa5 0-1

[Event "Copa Internacional SP"]
[Site "São Paulo"]
[Date "2007.11.30"]
[Round "2"]
[White "Pereira, Igor"]
[Black "Nobre, Jose Adalberto"]
[Result "1-0"]
[WhiteElo "2008"]
[BlackElo "1832"]
[PlyCount "97"]
[EventDate "2007.11.29"]
[SourceDate "2007.11.30"]

1. e4 c6 2. d4 d5 3. f3 dxe4 4. fxe4 e5 5. Nf3 Bg4 6. dxe5 Bb4+ 7. c3 Be7 8.
Qxd8+ Bxd8 9. Bc4 Bxf3 10. gxf3 Bh4+ 11. Ke2 Nd7 12. f4 Ne7 13. Rg1 g5 14. e6
fxe6 15. Bxe6 Nc5 16. Bh3 Nxe4 17. fxg5 Rf8 18. Be3 Nf2 19. Be6 Rd8 20. Nd2 Nd5
21. Bxd5 Rxd5 22. Nf3 Nh3 23. Rg4 Bxg5 24. Nxg5 Nxg5 25. Rxg5 Rxg5 26. Bxg5 Rg8
27. Rg1 h6 28. Be3 Rxg1 29. Bxg1 b6 30. Kf3 Kf7 31. Ke4 Ke6 32. Be3 h5 33. Kf4
Kd5 34. Kg5 Ke4 35. Bd4 c5 36. Bf6 c4 37. Bd4 a5 38. Bxb6 a4 39. h4 Kd3 40. Bc5
Kc2 41. Ba3 Kb1 42. Kxh5 Ka1 43. Kg4 Kb1 44. h5 Ka1 45. h6 Kb1 46. h7 Ka1 47.
h8=Q Kxa2 48. Qd4 Kb3 49. Qd1+ 1-0

[Event "Copa Internacional SP"]
[Site "São Paulo"]
[Date "2007.11.30"]
[Round "2"]
[White "Moreira, Altair"]
[Black "Machado, Gilmar"]
[Result "0-1"]
[WhiteElo "1790"]
[BlackElo "1992"]
[PlyCount "60"]
[EventDate "2007.11.29"]
[SourceDate "2007.11.30"]

1. e4 e5 2. Nf3 Nc6 3. Bb5 f5 4. d3 Nf6 5. O-O fxe4 6. dxe4 d6 7. Nc3 Bg4 8. h3
Bh5 9. a3 Be7 10. Bc4 Nd4 11. g4 Nxf3+ 12. Qxf3 Bg6 13. Qe2 Qd7 14. f4 exf4 15.
Bxf4 O-O-O 16. Rad1 Qe8 17. e5 dxe5 18. Be6+ Kb8 19. Rxd8+ Bxd8 20. Qxe5 Qc6
21. Bb3 Re8 22. Qd4 Be7 23. Be3 Qb6 24. Qxb6 axb6 25. Bf4 Bc5+ 26. Kg2 Kc8 27.
Rd1 Ne4 28. Nb5 Nd6 29. Bxd6 Bxd6 30. Rd2 Re1 {tempo} 0-1

[Event "Copa Internacional SP"]
[Site "São Paulo"]
[Date "2007.11.30"]
[Round "2"]
[White "Freitas, Julio"]
[Black "van Riemsdijk, Felipe"]
[Result "1-0"]
[WhiteElo "1991"]
[BlackElo "1801"]
[PlyCount "51"]
[EventDate "2007.11.29"]
[SourceDate "2007.11.30"]

1. d4 Nf6 2. c4 c5 3. d5 b5 4. cxb5 a6 5. b6 Qxb6 6. Nc3 d6 7. e4 g6 8. Nf3 Bg7
9. Be2 O-O 10. Nd2 a5 11. Nc4 Qd8 12. O-O Ba6 13. f3 Nbd7 14. Be3 Rb8 15. Qd2
Re8 16. Nxd6 exd6 17. Bxa6 Rxb2 18. Qxb2 Nxd5 19. Bd2 Bd4+ 20. Kh1 Nb4 21. Bb5
Ne5 22. Bxe8 Ned3 23. Bxf7+ Kh8 24. Qb3 Qh4 25. Ne2 Qf2 26. Rxf2 1-0

[Event "Copa Internacional SP"]
[Site "São Paulo"]
[Date "2007.11.30"]
[Round "2"]
[White "Da Silva, Wagner"]
[Black "Rodrigues, Felipe"]
[Result "0-1"]
[WhiteElo "1777"]
[BlackElo "1986"]
[PlyCount "160"]
[EventDate "2007.11.29"]
[SourceDate "2007.11.30"]

1. e4 e5 2. Nf3 Nc6 3. Bc4 Bc5 4. c3 Nf6 5. d4 exd4 6. cxd4 Bb4+ 7. Bd2 Bxd2+
8. Nbxd2 d5 9. exd5 Nxd5 10. Qb3 O-O 11. Bxd5 Na5 12. Bxf7+ Rxf7 13. Qc3 Re7+
14. Ne5 Nc6 15. Ndf3 Nxd4 16. Qxd4 Qxd4 17. Nxd4 Rxe5+ 18. Kd2 Bg4 19. f3 Rd8
20. Kc3 Red5 21. fxg4 Rxd4 22. Rae1 R8d7 23. Rhf1 g6 24. g5 Rd3+ 25. Kc4 a6 26.
Re8+ Kg7 27. Re7+ Rxe7 28. Kxd3 Re5 29. Rc1 c6 30. h4 Kf7 31. Rc2 Rd5+ 32. Ke4
Ke6 33. g4 Rd1 34. Kf4 Rd4+ 35. Kg3 Ke5 36. Re2+ Re4 37. Rd2 Re3+ 38. Kf2 Rh3
39. Rd7 Rxh4 40. Kg3 Rh1 41. Rxb7 Rg1+ 42. Kf3 Rf1+ 43. Kg2 Ra1 44. a3 Kf4 45.
Rxh7 Kxg5 46. Ra7 Rb1 47. b4 Kxg4 48. Rxa6 Rb2+ 49. Kf1 Kf3 50. Ke1 Ke3 51. Kd1
Kd3 52. Kc1 Rc2+ 53. Kb1 g5 54. b5 c5 55. Rd6+ Kc3 56. b6 c4 57. a4 Rb2+ 58.
Kc1 Ra2 59. Kd1 Rxa4 60. b7 Rb4 61. Rg6 Kb2 62. Rxg5 Rxb7 63. Rg2+ Kb1 64. Rg3
Rb3 65. Rg4 c3 66. Rc4 Kb2 67. Rc8 Rb5 68. Rd8 c2+ 69. Ke2 Re5+ 70. Kd3 c1=Q
71. Rb8+ Ka2 72. Ra8+ Qa3+ 73. Kd4 Qxa8 74. Kxe5 Qc6 75. Kd4 Qb5 76. Kc3 Qd5
77. Kb4 Qc6 78. Ka5 Qb7 79. Ka4 Qb3+ 80. Ka5 Kb2 0-1

[Event "Copa Internacional SP"]
[Site "São Paulo"]
[Date "2007.11.30"]
[Round "2"]
[White "Da Silva, Josimar Ribeiro"]
[Black "Gambarini, Victor"]
[Result "0-1"]
[WhiteElo "1668"]
[BlackElo "1959"]
[PlyCount "74"]
[EventDate "2007.11.29"]
[SourceDate "2007.11.30"]

1. c4 e5 2. g3 f5 3. Bg2 Nf6 4. Nc3 Bb4 5. e3 Nc6 6. Nge2 O-O 7. O-O d6 8. a3
Bxc3 9. Nxc3 e4 10. b4 Ne5 11. a4 Nxc4 12. Qb3 Be6 13. Rd1 Bf7 14. Qc2 Ne5 15.
b5 Nd3 16. Ba3 Re8 17. Ne2 Bh5 18. Bf1 Ng4 19. Nf4 Nxf4 20. exf4 Qe7 21. Re1
Nf6 22. Bg2 Qf7 23. d3 Bf3 24. Bh3 Qh5 25. Bf1 Rac8 26. Rac1 h6 27. h3 d5 28.
Bb2 c5 29. Qb3 exd3 30. Bxf6 c4 31. Qc3 gxf6 32. Bg2 Bxg2 33. Kxg2 Qf7 34. Red1
Qe6 35. Qa5 Qe4+ 36. Kg1 Qd4 37. Rd2 c3 0-1

[Event "Copa Internacional SP"]
[Site "São Paulo"]
[Date "2007.12.01"]
[Round "3"]
[White "Mekhitarian, Krikor"]
[Black "Aranha Filho, Alvaro Z"]
[Result "1-0"]
[WhiteElo "2402"]
[BlackElo "2349"]
[PlyCount "91"]
[EventDate "2007.11.29"]
[SourceDate "2007.11.30"]

1. e4 c5 2. Nf3 Nc6 3. d4 cxd4 4. Nxd4 Nf6 5. Nc3 e5 6. Ndb5 d6 7. Bg5 a6 8.
Na3 b5 9. Bxf6 gxf6 10. Nd5 f5 11. Bd3 Be6 12. O-O Bxd5 13. exd5 Ne7 14. Re1
Bg7 15. c3 O-O 16. Qh5 e4 17. Bf1 Re8 18. Nc2 Nxd5 19. Qxf5 Re5 20. Qg4 f5 21.
Qd1 Nb6 22. f4 exf3 23. Qxf3 Qd7 24. Bd3 Rf8 25. Nd4 Rd5 26. Ne6 Rf6 27. Nxg7
Kxg7 28. Re2 Re5 29. Rxe5 dxe5 30. Qg3+ Kf7 31. Be2 f4 32. Qh4 Qf5 33. Bg4 Qc2
34. Qg5 Nc4 35. Bh5+ Rg6 36. Bxg6+ hxg6 37. Qh4 Qxb2 38. Rd1 Qxc3 39. Rd7+ Ke6
40. Qe7+ Kf5 41. Qf7+ Ke4 42. Qd5+ Kf5 43. Rf7+ Kg5 44. Qd8+ Kh5 45. Rh7+ Kg4
46. Qd7+ 1-0

[Event "Copa Internacional SP"]
[Site "São Paulo"]
[Date "2007.12.01"]
[Round "3"]
[White "Calcado, Acyr"]
[Black "Santos, Marcus Vinicius"]
[Result "1-0"]
[WhiteElo "2235"]
[BlackElo "2362"]
[PlyCount "77"]
[EventDate "2007.11.29"]
[SourceDate "2007.11.30"]

1. e4 e5 2. Nf3 Nc6 3. Bb5 f5 4. Bxc6 dxc6 5. Nc3 Nf6 6. Qe2 Bd6 7. d4 exd4 8.
e5 dxc3 9. exf6+ Kf7 10. Qc4+ Kg6 11. O-O gxf6 12. Qxc3 Re8 13. Nh4+ Kg7 14.
Qf3 Qd7 15. Qh5 Rg8 16. Qh6+ Kh8 17. Qxf6+ Qg7 18. Bg5 Be5 19. Qxg7+ Bxg7 20.
Nf3 Be6 21. Bf4 Bxb2 22. Rab1 Bf6 23. Rxb7 Bd5 24. Ne1 Bxa2 25. Nd3 Bd5 26. g3
Rge8 27. Rxc7 a5 28. Bd6 a4 29. Ba3 Rec8 30. Rxc8+ Rxc8 31. Rb1 Bc4 32. Rb4 Bb5
33. Rf4 Kg7 34. c4 Bg5 35. Rxf5 Kg6 36. g4 Bxc4 37. Ne5+ Kh6 38. Nxc4 Rd8 39.
Bf8+ 1-0

[Event "Copa Internacional SP"]
[Site "São Paulo"]
[Date "2007.12.01"]
[Round "3"]
[White "Bueno, Alfeu"]
[Black "Perdomo, Leandro"]
[Result "1/2-1/2"]
[WhiteElo "2201"]
[BlackElo "2395"]
[PlyCount "84"]
[EventDate "2007.11.29"]
[SourceDate "2007.11.30"]

1. e4 e5 2. Nc3 Nc6 3. Bc4 Nf6 4. d3 Na5 5. Bb3 Be7 6. f4 Nxb3 7. axb3 d6 8.
Nf3 O-O 9. fxe5 Ng4 {=} 10. exd6 Bxd6 11. O-O f5 12. h3 Ne5 13. Bf4 Ng6 14.
Bxd6 Qxd6 15. Kh1 Bd7 16. d4 fxe4 17. Nxe4 Qd5 18. Nc3 Qh5 19. Nh2 Qh4 20. Qe1
Qg5 21. Ne4 Qh5 22. Qa5 Rxf1+ 23. Nxf1 Qxa5 24. Rxa5 Re8 25. Nfd2 Bc6 26. d5 b6
27. Rxa7 Bxd5 28. Nc3 Nf4 29. Ra4 Bxg2+ 30. Kh2 Ne2 31. Kxg2 Nxc3 32. Rd4 Ne2
33. Rd7 Nf4+ 34. Kg3 Nh5+ 35. Kh4 Nf6 36. Rxc7 Re2 37. Nf3 Rg2 38. Ng5 g6 39.
Rc8+ Kg7 40. Rc7+ Kg8 41. Rc8+ Kg7 42. Rc7+ Kg8 1/2-1/2

[Event "Copa Internacional SP"]
[Site "São Paulo"]
[Date "2007.12.01"]
[Round "3"]
[White "Tsuboi, Edson"]
[Black "Cordeiro, Marco Aurelio"]
[Result "1/2-1/2"]
[WhiteElo "2334"]
[BlackElo "2159"]
[PlyCount "100"]
[EventDate "2007.11.29"]
[SourceDate "2007.11.30"]

1. e4 Nf6 2. e5 Nd5 3. d4 d6 4. Nf3 Bg4 5. Be2 e6 6. O-O dxe5 7. Nxe5 Bxe2 8.
Qxe2 c6 9. c4 Nc7 10. Nc3 Nd7 11. Ne4 h6 12. Bf4 Nf6 13. Rad1 Be7 14. Nxf6+
Bxf6 15. d5 cxd5 16. cxd5 Nxd5 17. Qb5+ Kf8 18. Qxb7 Bxe5 19. Bxe5 Kg8 20. Rc1
f6 21. Bg3 Kh7 22. Rfd1 Qb6 23. Qxb6 axb6 24. Rc6 Rxa2 25. Rxe6 Rxb2 26. h4 Rd8
27. h5 Nf4 28. Rxd8 Nxe6 29. Re8 Nd4 30. Bd6 Rb1+ 31. Kh2 Rb5 32. g4 Rg5 33.
Re4 Rd5 34. Bf8 Kg8 35. Ba3 Nf3+ 36. Kg2 Ne5 37. Bb2 Nd3 38. Ba3 Ra5 39. Re8+
Kh7 40. Bd6 f5 41. f3 fxg4 42. fxg4 Rd5 43. Bg3 b5 44. Kf3 Rd7 45. Rb8 b4 46.
Rb6 Kg8 47. Bd6 b3 48. Ba3 Ne5+ 49. Kf4 Nc4 50. Rxb3 Rf7+ 1/2-1/2

[Event "Copa Internacional SP"]
[Site "São Paulo"]
[Date "2007.12.01"]
[Round "3"]
[White "Oliveira, Silvio"]
[Black "Araujo, Rafael Moreira"]
[Result "1-0"]
[WhiteElo "2303"]
[BlackElo "2150"]
[PlyCount "139"]
[EventDate "2007.11.29"]
[SourceDate "2007.11.30"]

1. e4 e5 2. Nf3 Nc6 3. Bb5 a6 4. Ba4 Nf6 5. O-O b5 6. Bb3 Bb7 7. c3 Nxe4 8. d4
d5 9. dxe5 Na5 10. Bc2 Nc4 11. Qe2 Be7 12. b3 Nb6 13. Nd4 Qd7 14. f3 c5 15. e6
fxe6 16. fxe4 cxd4 17. Qh5+ g6 18. Qe5 O-O-O 19. Qxd4 Qc6 20. Be3 Nd7 21. exd5
exd5 22. Qg4 Rhf8 23. Rxf8 Rxf8 24. Bd4 Kb8 25. Nd2 b4 26. Re1 Bc5 27. Nf3 Bc8
28. cxb4 Bxd4+ 29. Nxd4 Qc3 30. Qg3+ Qxg3 31. hxg3 Rf7 32. a4 Nf6 33. Bd3 Rc7
34. Rf1 Ng4 35. Be2 Ne3 36. Rf8 Rc1+ 37. Kf2 Nd1+ 38. Kf3 Rc3+ 39. Kf4 g5+ 40.
Kxg5 Rxg3+ 41. Kh4 Rxg2 42. Bxd1 Rd2 43. Bg4 Rxd4 44. Rxc8+ Kb7 45. Rh8 Rxb4
46. Rxh7+ Kb6 47. Rd7 Rxb3 48. Rxd5 Rb4 49. a5+ Kc6 50. Rg5 Rb5 51. Rg6+ Kb7
52. Bf3+ Ka7 53. Rg5 Rb4+ 54. Kh5 Kb8 55. Kh6 Rb5 56. Be2 Rb2 57. Bxa6 Ka7 58.
Bd3 Rh2+ 59. Kg6 Rd2 60. Rd5 Rg2+ 61. Kf6 Rf2+ 62. Ke6 Rh2 63. Rd7+ Ka8 64. a6
Ra2 65. Be4+ Kb8 66. Rb7+ Kc8 67. a7 Ra6+ 68. Ke7 Ra4 69. Rb8+ Kc7 70. a8=Q 1-0

[Event "Copa Internacional SP"]
[Site "São Paulo"]
[Date "2007.12.01"]
[Round "3"]
[White "van Riemsdijk, Herman Claudius"]
[Black "Nascimento, Pablo"]
[Result "1-0"]
[WhiteElo "2421"]
[BlackElo "2017"]
[PlyCount "119"]
[EventDate "2007.11.29"]
[SourceDate "2007.11.30"]

1. e4 c5 2. Nf3 d6 3. d4 cxd4 4. Nxd4 Nf6 5. Nc3 a6 6. Bc4 e6 7. Bb3 Be7 8. f4
b5 9. e5 Nd5 10. Nxd5 exd5 11. Bxd5 dxe5 12. Bxa8 exd4 13. O-O O-O 14. Be4 Nd7
15. Bd2 Nf6 16. Bd3 Bb7 17. a4 b4 18. Qe2 Re8 19. Rae1 Qd7 20. Bxa6 d3 21. Qxd3
Bxa6 22. Qxd7 Nxd7 23. Bxb4 Bxf1 24. Kxf1 Kf8 25. Rxe7 Rxe7 26. Kf2 Ke8 27.
Bxe7 Kxe7 28. Ke3 Kd6 29. Kd4 Nc5 30. b3 Ne6+ 31. Ke4 Kc5 32. c3 Nc7 33. g3 Nd5
34. Kd3 h5 35. b4+ Kc6 36. Kd4 h4 37. b5+ Kd6 38. c4 hxg3 39. hxg3 Ne7 40. c5+
Kc7 41. a5 Nf5+ 42. Kd5 Ne7+ 43. Kc4 f6 44. a6 Kb8 45. c6 Nc8 46. Kc5 Kc7 47.
f5 Nb6 48. a7 Na8 49. Kd5 Kb6 50. Ke6 Kxa7 51. Kf7 Nc7 52. Kxg7 Nd5 53. Kf7 Kb6
54. Ke6 Kc5 55. g4 Nc7+ 56. Kd7 Kb6 57. g5 fxg5 58. f6 Nd5 59. f7 Nf6+ 60. Kd8
1-0

[Event "Copa Internacional SP"]
[Site "São Paulo"]
[Date "2007.12.01"]
[Round "3"]
[White "Massarioli, Felipe"]
[Black "Segal, Alexandru Sorin"]
[Result "0-1"]
[WhiteElo "2166"]
[BlackElo "2364"]
[PlyCount "66"]
[EventDate "2007.11.29"]
[SourceDate "2007.11.30"]

1. d4 Nf6 2. c4 c5 3. d5 e5 4. Nc3 d6 5. e4 Be7 6. Bd3 Nbd7 7. Nge2 a6 8. O-O
O-O 9. Ng3 g6 10. f4 exf4 11. Bxf4 Ne8 12. Rf3 Bf6 13. Nh5 Bd4+ 14. Kh1 Ne5 15.
Rg3 Nxd3 16. Qxd3 Qh4 17. Qf3 Kh8 18. Bh6 Rg8 19. Qxf7 Qxh5 20. Bf8 Be5 21. Ne2
Qxe2 22. Qxe8 Bxg3 23. Qf7 Qf2 24. Qxf2 Bxf2 25. Bxd6 Bd4 26. e5 Bf5 27. Re1
Rge8 28. b3 Kg7 29. h3 h5 30. a3 Rad8 31. Bc7 Rd7 32. Bb6 Rxe5 33. Bxc5 Rxe1+
0-1

[Event "Copa Internacional SP"]
[Site "São Paulo"]
[Date "2007.12.01"]
[Round "3"]
[White "Abdalla, Luiz Guilherme Aure"]
[Black "Shiroma, Silvio Haruo"]
[Result "1/2-1/2"]
[WhiteElo "2100"]
[BlackElo "2207"]
[PlyCount "45"]
[EventDate "2007.11.29"]
[SourceDate "2007.11.30"]

1. d4 Nf6 2. c4 g6 3. Nc3 Bg7 4. e4 d6 5. Nf3 O-O 6. Be2 e5 7. O-O Nc6 8. d5
Ne7 9. Ne1 Nd7 10. Be3 f5 11. f3 f4 12. Bf2 Nf6 13. Rc1 g5 14. c5 Ng6 15. cxd6
cxd6 16. Nb5 Rf7 17. Nxa7 g4 18. Rxc8 Rxc8 19. Nxc8 Qxc8 20. Bb6 Nd7 21. Bf2
Nf6 22. Bb6 Nd7 23. Bf2 1/2-1/2

[Event "Copa Internacional SP"]
[Site "São Paulo"]
[Date "2007.12.01"]
[Round "3"]
[White "Cajal, Andre"]
[Black "Hengles, Roberto Carlos"]
[Result "0-1"]
[WhiteElo "2123"]
[BlackElo "2058"]
[PlyCount "50"]
[EventDate "2007.11.29"]
[SourceDate "2007.11.30"]

1. e4 d5 2. exd5 Qxd5 3. d4 Nc6 4. Be3 Nf6 5. h3 Bf5 6. Nf3 e5 7. Nc3 Qa5 8.
Bb5 O-O-O 9. Bxc6 bxc6 10. Nxe5 Bb4 11. O-O Bxc3 12. bxc3 Qxc3 13. Qe2 Rd6 14.
Qa6+ Kd8 15. Nxf7+ Ke7 16. Nxd6 cxd6 17. Rfe1 Kf7 18. Qxa7+ Kg6 19. g4 Be4 20.
Qe7 Re8 21. Qxd6 Bd5 22. Qc5 Rxe3 23. Qxc3 Rxc3 24. a4 Rxh3 25. Kf1 Bf3 0-1

[Event "Copa Internacional SP"]
[Site "São Paulo"]
[Date "2007.12.01"]
[Round "3"]
[White "Benitez, Ed Carlos"]
[Black "Jukemura, Leandro"]
[Result "1/2-1/2"]
[WhiteElo "2016"]
[BlackElo "2170"]
[PlyCount "62"]
[EventDate "2007.11.29"]
[SourceDate "2007.11.30"]

1. e4 c5 2. Nf3 a6 3. c4 Nc6 4. d4 cxd4 5. Nxd4 e5 6. Nc2 Nf6 7. Nc3 Be7 8. Be2
O-O 9. O-O d6 10. b3 Nd7 11. Bg4 Nc5 12. Ne3 Bg5 13. Bxc8 Bxe3 14. Bxe3 Qxc8
15. Qxd6 Ne6 16. Nd5 Rd8 17. Qa3 Rb8 18. Rac1 Qd7 19. Rcd1 Qe8 20. f3 f6 21.
Qb2 Ned4 22. Qf2 Kh8 23. Rfe1 Qg6 24. Rc1 Rd7 25. Qg3 Qf7 26. Kh1 Re8 27. Qh3
Rdd8 28. Bg1 Ne6 29. Qg3 Ned4 30. Qh3 Ne6 31. Qg3 Ned4 1/2-1/2

[Event "Copa Internacional SP"]
[Site "São Paulo"]
[Date "2007.12.01"]
[Round "3"]
[White "Valente, Rodrigo"]
[Black "Machado, Gilmar"]
[Result "1-0"]
[WhiteElo "2140"]
[BlackElo "2000"]
[PlyCount "81"]
[EventDate "2007.11.29"]
[SourceDate "2007.11.30"]

1. c4 Nf6 2. g3 e5 3. Bg2 Bc5 4. Nc3 Nc6 5. a3 a6 6. b4 Ba7 7. e3 O-O 8. Nge2
d6 9. O-O Be6 10. Nd5 Rb8 11. Nec3 Bxd5 12. Nxd5 Nxd5 13. cxd5 Ne7 14. Bb2 f5
15. d3 Qe8 16. Rc1 Bb6 17. Qb3 Kh8 18. a4 a5 19. Bc3 axb4 20. Bxb4 Qd8 21. a5
Ba7 22. Qa3 h5 23. Rc4 g5 24. Rfc1 Rc8 25. Qc3 Bb8 26. Ba3 Kh7 27. Qb3 c5 28.
dxc6 bxc6 29. a6 c5 30. Bb7 Rc7 31. Qa4 Ba7 32. d4 exd4 33. exd4 d5 34. Rxc5
Bxc5 35. Bxc5 Nc8 36. Re1 Nd6 37. Bb6 Qb8 38. Bxc7 Qxc7 39. Bxd5 Qa7 40. Qc6
Nc8 41. Re6 1-0

[Event "Copa Internacional SP"]
[Site "São Paulo"]
[Date "2007.12.01"]
[Round "3"]
[White "Terao, Juliana"]
[Black "Freitas, Julio"]
[Result "1-0"]
[WhiteElo "2169"]
[BlackElo "1996"]
[PlyCount "41"]
[EventDate "2007.11.29"]
[SourceDate "2007.11.30"]

1. e4 c5 2. c3 Nc6 3. d4 cxd4 4. cxd4 d5 5. exd5 Qxd5 6. Nf3 e6 7. Nc3 Bb4 8.
Be2 Nf6 9. O-O Qa5 10. Qc2 Bd7 11. Bd2 Rc8 12. a3 Bxc3 13. bxc3 Qc7 14. Bd3 h6
15. Rab1 g5 16. Qb2 g4 17. Nh4 Na5 18. c4 Nh5 19. d5 Rg8 20. dxe6 Bxe6 21. Qb5+
1-0

[Event "Copa Internacional SP"]
[Site "São Paulo"]
[Date "2007.12.01"]
[Round "3"]
[White "Rodrigues, Felipe"]
[Black "Rodrigues, Tiago Pereira"]
[Result "0-1"]
[WhiteElo "2033"]
[BlackElo "2148"]
[PlyCount "134"]
[EventDate "2007.11.29"]
[SourceDate "2007.11.30"]

1. e4 c5 2. Nc3 a6 3. g3 b5 4. Bg2 Bb7 5. Nge2 Nf6 6. d3 e6 7. O-O d5 8. exd5
Nxd5 9. Nxd5 Bxd5 10. Nc3 Bxg2 11. Kxg2 Nc6 12. Be3 Nd4 13. Ne4 Qd5 14. c3 f5
15. cxd4 fxe4 16. dxe4 Qxe4+ 17. Qf3 Qxf3+ 18. Kxf3 c4 19. Rfe1 Bb4 20. Re2
O-O+ 21. Kg2 Rad8 22. a4 h6 23. axb5 axb5 24. Ra6 Rd6 25. Ra7 Rf7 26. Ra8+ Rf8
27. Ra7 Rf7 28. Ra8+ Kh7 29. Rb8 Rd5 30. Re8 Re7 31. Rxe7 Bxe7 32. Bf4 Rxd4 33.
Rxe6 Bf8 34. Kf3 Rd3+ 35. Re3 Rd2 36. Re8 Rd3+ 37. Re3 Rd7 38. Ke2 Be7 39. h3
Kg6 40. b3 cxb3 41. Rxb3 Rd5 42. Kf3 Kf7 43. Ke4 Ke6 44. Rc3 Rd1 45. Rc6+ Kd7
46. Rb6 b4 47. Kf5 g5 48. Be5 Bc5 49. Rxh6 b3 50. Rh7+ Kc6 51. Rc7+ Kb6 52. Rc8
Kb5 53. Rb8+ Bb6 54. Bc7 Rd6 55. Bxd6 b2 56. Kxg5 b1=Q 57. f4 Kc6 58. Be5 Kd7
59. g4 Bd8+ 60. Kh6 Qh1 61. Rxd8+ Kxd8 62. Bf6+ Ke8 63. h4 Kf7 64. Kg5 Qc6 65.
f5 Qxf6+ 66. Kh5 Kg8 67. g5 Qxf5 0-1

[Event "Copa Internacional SP"]
[Site "São Paulo"]
[Date "2007.12.01"]
[Round "3"]
[White "Santos, Isaque"]
[Black "Baccarin, Natalia"]
[Result "1/2-1/2"]
[WhiteElo "2077"]
[BlackElo "2130"]
[PlyCount "104"]
[EventDate "2007.11.29"]
[SourceDate "2007.11.30"]

1. d4 d5 2. Nf3 c6 3. c4 e6 4. Nc3 f5 5. Bg5 Nf6 6. e3 Bd6 7. Bd3 O-O 8. Rc1 h6
9. Bxf6 Qxf6 10. a3 a5 11. cxd5 exd5 12. O-O Nd7 13. Qa4 Qe7 14. Rb1 b5 15. Qc2
b4 16. axb4 axb4 17. Ne2 Ba6 18. Bxa6 Rxa6 19. Ra1 Rxa1 20. Rxa1 Nb8 21. Qd2 g5
22. Ne5 Bxe5 23. dxe5 Qxe5 24. Qxb4 f4 25. Qd4 Qxd4 26. Nxd4 fxe3 27. fxe3 Re8
28. Kf2 c5 29. Nf5 Rf8 30. g4 h5 31. Ra7 hxg4 32. Rg7+ Kh8 33. Rxg5 Nc6 34. Kg3
d4 35. exd4 Nxd4 36. Nxd4 cxd4 37. Rd5 Rb8 38. Rxd4 Rxb2 39. Rxg4 Rb7 40. h4
Rb3+ 41. Kg2 Rb2+ 42. Kf3 Rb3+ 43. Ke2 Rh3 44. Kf2 Kh7 45. Kg2 Ra3 46. Rg5 Kh6
47. Rc5 Ra2+ 48. Kf3 Ra3+ 49. Kg4 Ra4+ 50. Kg3 Ra3+ 51. Kg2 Ra2+ 52. Kf3 Ra3+
1/2-1/2

[Event "Copa Internacional SP"]
[Site "São Paulo"]
[Date "2007.12.01"]
[Round "3"]
[White "Gazola, Vanessa"]
[Black "Farah, Daniel"]
[Result "1/2-1/2"]
[WhiteElo "2064"]
[BlackElo "2115"]
[PlyCount "106"]
[EventDate "2007.11.29"]
[SourceDate "2007.11.30"]

1. d4 Nf6 2. Nf3 g6 3. Bg5 Bg7 4. Nbd2 d5 5. e3 O-O 6. Be2 Nbd7 7. O-O Ne4 8.
Nxe4 dxe4 9. Nd2 h6 10. Bh4 g5 11. Bg3 f5 12. f3 exf3 13. Nxf3 c6 14. c3 Qb6
15. Qb3+ Qxb3 16. axb3 Nf6 17. Be5 Ng4 18. Bc4+ Kh8 19. Bxg7+ Kxg7 20. Rae1 Nf6
21. Ne5 Nd7 22. Nf3 Re8 23. Bd3 e6 24. g3 Rf8 25. Rf2 a5 26. Ref1 a4 27. Ra1
Nb6 28. bxa4 Rxa4 29. Rxa4 Nxa4 30. Ne5 Nb6 31. Kf1 Nd7 32. Nc4 Nf6 33. Nd6 Rd8
34. Nxc8 Rxc8 35. Ke2 Ra8 36. Kd2 Ra1 37. Rf1 Rxf1 38. Bxf1 Ng4 39. h3 Nf2 40.
Bg2 Kf6 41. c4 e5 42. d5 e4 43. dxc6 bxc6 44. b4 Nd3 45. Kc3 Ke6 46. Bf1 Ne5
47. Kd4 Kd6 48. c5+ Ke6 49. b5 Nf3+ 50. Kc3 cxb5 51. Bxb5 Kd5 52. Kb4 Ne5 53.
Be2 Nd3+ 1/2-1/2

[Event "Copa Internacional SP"]
[Site "São Paulo"]
[Date "2007.12.01"]
[Round "3"]
[White "Brandao, Evandro"]
[Black "Ferreira, Thiago Alessandro"]
[Result "1-0"]
[WhiteElo "2153"]
[BlackElo "2068"]
[PlyCount "49"]
[EventDate "2007.11.29"]
[SourceDate "2007.11.30"]

1. e4 c5 2. Nf3 Nc6 3. d3 g6 4. g3 Bg7 5. Bg2 d6 6. O-O e6 7. Re1 Nge7 8. Nbd2
O-O 9. a4 Rb8 10. c3 a6 11. h4 b5 12. Nf1 b4 13. d4 cxd4 14. cxd4 d5 15. e5 Nf5
16. Ne3 Nxe3 17. Bxe3 Bd7 18. h5 Qb6 19. b3 Ne7 20. Bg5 Rfe8 21. Qd2 Rbc8 22.
Bf6 h6 23. Qf4 Bxf6 24. exf6 Nf5 25. hxg6 1-0